000 01020nam a2200241 a 4500
001 74046
003 BD-RjUL
005 20211209082500.0
008 180201s2017 bg ||||| b||| 00| 0 ben d
020 _a9789849281795
_cTk.200.00
035 _a(BD-RjUL)74264
040 _aBD-RjUL
_beng
_cBD-RjUL
041 _aben
082 _223
_a307.72095492
_bSIB 2017
100 _a ছিদ্দিকী, মোহাম্মদ মুহিবউল্ল্যাহ
_9220052
245 1 0 _aবাংলা দেশের গ্রাম : নামকরনের ইতিহাস /
_cমোহাম্মদ মুহিবউল্ল্যাহ ছিদ্দিকী
260 _aঢাকাঃ
_bগ্রন্থ কুটির ,
_c২০১৭
300 _a১৭৪ পৃ. ;
_c২২ সেমি.
504 _aগ্রন্থপুঞ্জি সম্বলিত
650 _aগ্রাম
_zবাংলাদেশ
_9220053
650 _aVillage
_zBangladesh
_9220054
942 _2ddc
_cBK
999 _c74046
_d74046